Double Team 1997 / (Record no. 22496)

000 -LEADER
fixed length control field 01169nam a22002777a 4500
005 - DATE AND TIME OF LATEST TRANSACTION
control field 20260416161158.0
008 - FIXED-LENGTH DATA ELEMENTS--GENERAL INFORMATION
fixed length control field 260415b xxu||||| |||| 00| 0 eng d
040 ## - CATALOGING SOURCE
Original cataloging agency Cagayan State University
082 ## - DEWEY DECIMAL CLASSIFICATION NUMBER
Classification number 791.4372
Item number D743 1997
245 ## - TITLE STATEMENT
Title Double Team 1997 /
Statement of responsibility, etc directed by Hark Tsui ; written by Don Jakoby, Paul Mones.
260 ## - PUBLICATION, DISTRIBUTION, ETC. (IMPRINT)
Place of publication, distribution, etc United States ; Hong Kong :
Name of publisher, distributor, etc Mandalay Entertainment,
Date of publication, distribution, etc 1997.
300 ## - PHYSICAL DESCRIPTION
Extent 1 videofile, (ca. 98 mins) :
Other physical details sound, color.
520 ## - SUMMARY, ETC.
Summary, etc A skilled spy is framed and becomes a fugitive, forcing him to join forces with a notorious arms dealer. Together, they must evade relentless enemies while striving to clear his name and rescue his family from a dangerous situation. The unlikely partnership is tested as they navigate a world of intrigue and danger.
546 ## - LANGUAGE NOTE
Language note In English subtitle.
650 ## - SUBJECT ADDED ENTRY--TOPICAL TERM
Topical term or geographic name as entry element Action
650 ## - SUBJECT ADDED ENTRY--TOPICAL TERM
Topical term or geographic name as entry element Comedy
650 ## - SUBJECT ADDED ENTRY--TOPICAL TERM
Topical term or geographic name as entry element Sci-Fi
650 ## - SUBJECT ADDED ENTRY--TOPICAL TERM
Topical term or geographic name as entry element Thriller
700 ## - ADDED ENTRY--PERSONAL NAME
Personal name Tsui, Hark, director.
700 ## - ADDED ENTRY--PERSONAL NAME
Personal name Jacoby, Don, writer.
700 ## - ADDED ENTRY--PERSONAL NAME
Personal name Mones, Paul, writer.
700 ## - ADDED ENTRY--PERSONAL NAME
Personal name Vann Damme, Jean-Claude, star.
700 ## - ADDED ENTRY--PERSONAL NAME
Personal name Rodman, Dennis, star.
700 ## - ADDED ENTRY--PERSONAL NAME
Personal name Rourke, Mickey, star.
942 ## - ADDED ENTRY ELEMENTS (KOHA)
Source of classification or shelving scheme
Item type Audio-Visual Materials
Holdings
Source of acquisition Price effective from Permanent location Date last seen Not for loan Date acquired Source of classification or shelving scheme Koha item type Damaged status Lost status Shelving location Withdrawn status Current location Full call number
Donations2026-04-15Cagayan State University - Carig Library2026-04-15 2026-04-15 Audio-Visual Materials  E-Resource Section Cagayan State University - Carig Library791.4372 D743

Cagayan State University University Library, Carig Campus
Tuguegarao City, Cagayan 3500 | www.csucarig.edu.ph

Powered by Koha